000 00842nam a2200265 i 4500
001 bg
100 1 _aZAWADZKA, Zofia
245 1 0 _aZarządzanie ryzykiem w banku komercyjnym /
_cZofia Zawadzka.
260 _aWarszawa :
_b"Poltext",
_c1996.
300 _a195, [1] s. :
_bwykr. ;
_c21 cm.
490 1 _aStudia Finansowo-Bankowe / Szkoła Główna Handlowa
504 _aBibliogr. s. 191-[196].
650 9 _aBanki
_xpolityka
_xzagadnienia
650 9 _aRynek finansowy
_xzagadnienia
650 9 _aRyzyko
_xfinanse
_xzagadnienia
650 9 _aZarządzanie
_xzagadnienia
830 0 _aStudia Finansowo-Bankowe (Szkoła Główna Handlowa)
020 _a8386890150
040 _cBPK
041 0 _apl
080 _a336.71:336.77/.78:336.74:65.01
920 _a83-86890-15-0
942 _cKS
008 s pl f |000 0 pol
999 _c32083
_d32083
856 _uhttp://koha.tu.koszalin.pl/cgi-bin/koha/opac-detail.pl?biblionumber=32083
_yKatalog online BPK